| 000 | 00449nam a2200181Ia 4500 | ||
|---|---|---|---|
| 001 | 17632 | ||
| 005 | 20260306171531.0 | ||
| 008 | 260306s9999||||xx |||||||||||||| ||und|| | ||
| 041 | _aESP | ||
| 082 |
_a658.1 _bP86E |
||
| 100 |
_aPrieto Sierra, Carlos _eAUT |
||
| 245 | 0 |
_aEmprendimiento: _bconceptos y plan de negocios |
|
| 260 | _c2014 | ||
| 300 |
_axv, 336 páginas : _c27 cm. |
||
| 650 | _aGEN | ||
| 654 | _aCAN | ||
| 942 |
_cLIB _dJUS _fJUS _2ddc _n |
||
| 999 |
_c17632 _d17632 |
||